000 00667nam a2200217 4500
001 106983
003 ES-MaACL
005 20231223063056.0
007 t|
008 061121s1976 mx af |||| |aspa d
080 _a821.134.2-94"19"
080 _a929 Moreno Villa, José
100 1 _aMoreno Villa, José,
_d1887-1955
_983443
245 1 0 _aVida en claro
_b: autobiografía /
_cJosé Moreno Villa.
250 _a1ª reimp.
260 _aMéxico :
_bFondo de Cultura Económica,
_c1976.
300 _a258 p., 12 h. de lám. ;
_c21 cm.
600 1 4 _aMoreno Villa, José,
_d1887-1955
_983443
852 _aES-MaACL
_jL-10659
999 _c106983
_d106983